Through the Wall Imaging Radar / (Record no. 210853)

000 -LEADER
fixed length control field 00792 a2200193 4500
003 - CONTROL NUMBER IDENTIFIER
control field NUST
005 - DATE AND TIME OF LATEST TRANSACTION
control field 20251125174311.0
040 ## - CATALOGING SOURCE
Transcribing agency Nust
082 ## - DEWEY DECIMAL CLASSIFICATION NUMBER
Classification number 621.382,BAI
100 ## - MAIN ENTRY--PERSONAL NAME
Personal name Baig, Muhammad Ijlal (TCC-21)
9 (RLIN) 132108
245 ## - TITLE STATEMENT
Title Through the Wall Imaging Radar /
Statement of responsibility, etc. Muhammad Ijlal Baig, Hafiz Ahmed Arif and Muhammad Zaeem Aslam Bajwa,
260 ## - PUBLICATION, DISTRIBUTION, ETC.
Place of publication, distribution, etc. Rawalpindi
Name of publisher, distributor, etc. MCS (NUST)
Date of publication, distribution, etc. 2013
300 ## - PHYSICAL DESCRIPTION
Extent xi,59 p.;
505 ## - FORMATTED CONTENTS NOTE
Formatted contents note Introduction (Page-1), Antenna Selection and Development (Page-6), Power Divider Selection and Development (Page-25), Antenna Steering Module (Page-32), Field Results (Page-38), integrated Setup (Page-44), Bibliography (Page-57).
650 ## - SUBJECT ADDED ENTRY--TOPICAL TERM
Topical term or geographic name entry element UG Project
9 (RLIN) 131132
651 ## - SUBJECT ADDED ENTRY--GEOGRAPHIC NAME
Geographic name TCC-21
9 (RLIN) 132109
700 ## - ADDED ENTRY--PERSONAL NAME
Personal name Supervised by Dr. Naveed Iqbal Rao
9 (RLIN) 132110
942 ## - ADDED ENTRY ELEMENTS (KOHA)
Koha item type Project Report
Source of classification or shelving scheme
Holdings
Withdrawn status Lost status Source of classification or shelving scheme Damaged status Not for loan Permanent Location Current Location Shelving location Date acquired Full call number Barcode Date last seen Price effective from Koha item type Public note
          Military College of Signals (MCS) Military College of Signals (MCS) Reference 12/12/2016 621.382,BAI MCSPTC-172 12/08/2016 12/12/2016 Project Report Almirah No. 94, Shelf No. 3
© 2023 Central Library, National University of Sciences and Technology. All Rights Reserved.